| 000 | 00729cab a2200241 4500 | ||
|---|---|---|---|
| 001 | ##L132410 | ||
| 008 | 060203n2006 000 0 eng u | ||
| 035 | _a(Sirsi) u132410 | ||
| 041 | 0 | _aeng | |
| 100 | 1 | _aGreig-Smith, Heather | |
| 245 | 0 | 0 |
_aLancashire and Cumbria _bregional |
| 260 | _c2006 | ||
| 490 | 0 |
_aProperty Week _v71(4) 27 January 2006, 105-118(8) |
|
| 520 | _aLooks at regeneration in Chorley, a proposal for a supercasino in Blackpool and new property developments in Penrith. | ||
| 590 | _aIKA140206 | ||
| 650 | 2 | 4 | _aLANCASHIRE |
| 650 | 2 | 4 | _aCUMBRIA |
| 650 | 2 | 4 | _aCHORLEY |
| 650 | 2 | 4 | _aBLACKPOOL |
| 650 | 2 | 4 | _aPENRITH |
| 690 | _aPROPERTY-COMMERCIAL PROPERTY-COMMERCIAL PROPERTY MARKET | ||
| 942 | _n0 | ||
| 999 |
_c76425 _d76425 |
||